Paroles - Afrique adieu Michel Sardou - Statistiques

Statistiques générales
  • Ce quiz a été pris 80 fois
  • Le résultat moyen est 163 sur 225
Statistiques - réponses
Hint Réponse % Correct
a
100%
à
100%
adieu
100%
Refrain Afrique
98%
Du
96%
du
96%
les
96%
Les
96%
de
94%
au
91%
Africa
89%
Belle
89%
des
89%
Des
89%
eaux
85%
Ou
85%
ou
85%
bleues
83%
La
83%
s'en
83%
aux
81%
Aux
81%
Couplet 1 Il
81%
qui
81%
vont
81%
dans
77%
Sur
77%
un
77%
C'est
74%
Comme
74%
comme
74%
danse
74%
pour
74%
tout
74%
va
74%
fille
72%
mes
70%
pas
70%
Ton
70%
Et
68%
fou
68%
joie
68%
coeur
66%
mourir
66%
peuple
66%
Qu'un
66%
Sénégal
66%
s'il
66%
une
66%
allait
64%
Nairobi
64%
tu
64%
danser
62%
Kenya
62%
vieux
62%
dix
60%
doigts
60%
filles
60%
joue
60%
pleut
60%
Pretoria
60%
toi
60%
forets
57%
salés
57%
seins
57%
tambour
57%
deux
55%
esprits
55%
Tes
55%
Antilles
53%
feu
53%
lacs
53%
magnolias
53%
marabouts
53%
oiseaux
53%
Passent
53%
plus
53%
peut
51%
Yaoundé
51%
brulants
49%
iras
49%
Tanganyika
49%
dorés
47%
leurs
47%
qu'il
47%
autant
45%
Danseront
45%
samba
45%
yeux
45%
nuit
43%
Saigne
43%
signal
43%
bois
40%
musiciens
40%
d'autrefois
38%
Malawi
38%
Casamance
36%
masques
36%
N'ont
36%
Saint-Louis
36%
étangs
32%
résonne
32%
L'éclair
30%
Aucun quiz correspondant
Distribution des résultats
% des personnes avec chaque résultat
Percentile par nombre de réponses
Votre historique - résultats
Vous n’avez pas pris ce quiz